1-10 - Statystyki

Ogólne statystyki
  • Ten quiz został rozwiązany 1 048 razy
  • Średni wynik to 10 z 10
Statystyki odpowiedzi
1-10 % Poprawnych
1
100%
2
100%
3
100%
4
99%
5
99%
6
99%
7
99%
8
99%
9
99%
10
98%
Nie znaleziono quizów pasujących do podanych kryteriów
Rozkład punktacji
Procent ludzi z każdym wynikiem
Percentyl według liczby udzielonych odpowiedzi
Twoja historia wyników
Nie rozwiązałeś tego quizu